000 02980nam0a2200589 4500
001 RU\NLR\BIBL_A\011495821
005 20250626080508.0
010 _a978-5-9710-3151-2
021 _aRU
_b2017-69498
_94931
035 _a(RuMoRGB)009392816
035 _a(NLR Aleph) 011495821
090 _a11971054
_c11971054
100 _a20171013d2017 |||y0rusy50 ca
101 0 _aeng
_ager
_arus
102 _aRU
105 _ay j 001zy
200 1 _aМатематика
_dMathematics
_dMathematik
_eобучающий словарь на английском, немецком и русском языках
_fБ. П. Зеленцов
_zeng
_zger
210 _aМосква
_cURSS
_cЛенанд
_d2017
_d(макет 2018)
215 _a83 с.
_d15x21
300 _aАвт. также на англ. яз.: B. P. Zelentsov
300 _aАвт. также на нем. яз.: B. P. Selenzow
300 _aНа 4-й с. обл.: Б. П. Зеленцов, д.т.н., проф.
300 _aТекст парал. на англ., нем., рус. яз.
320 _aБиблиогр.: с. 83 (26 назв.)
320 _aУказатели: с. 55-82
510 1 _6z45790
_aMathematics
_zeng
510 1 _6z45790
_aMathematik
_zger
606 1 _aМатематика
_jТерминологические словари
_9922118
_3RU\NLR\AUTH\6619329
606 1 _aАнглийский язык
_xТерминология математическая
_xСловари
_xРусский язык
_9969392
_3RU\NLR\AUTH\6644477
606 1 _aАнглийский язык
_xТерминология математическая
_xСловари
_xНемецкий язык
_92344080
_3RU\NLR\AUTH\6601624274
606 1 _aНемецкий язык
_xТерминология математическая
_xСловари
_xРусский язык
_91740478
_3RU\NLR\AUTH\66778782
606 1 _aНемецкий язык
_xТерминология математическая
_xСловари
_xАнглийский язык
_92344356
_3RU\NLR\AUTH\6601624407
606 1 _aРусский язык
_xТерминология математическая
_xСловари
_xАнглийский язык
_91609437
_3RU\NLR\AUTH\661007446
606 1 _aРусский язык
_xТерминология математическая
_xСловари
_xНемецкий язык
_92344083
_3RU\NLR\AUTH\6601624276
686 _aВ1я21
_2rubbk
686 1 _aВ10я212
686 1 _aШ143.21-434.1
686 1 _aШ143.21-434.2
686 1 _aШ143.21-434.3
686 1 _aШ141.12-434.1
686 1 _aШ141.12-434.2
686 1 _aШ141.12-434.3
686 1 _aШ143.24-434.1
686 1 _aШ143.24-434.2
686 1 _aШ143.24-434.3
700 1 _aЗеленцов
_bБ. П.
_gБорис Павлович
790 1 _6z45510
_aZelencov
_bB. P.
_gBoris Pavlovic
942 _cBOOK
980 _aNB